|
|
|
|
| LEADER |
00000nab a2200000 a 4500 |
| 001 |
vtls000866468 |
| 003 |
SK-MaSNL |
| 005 |
20260304120047.0 |
| 008 |
250429c2004 xo 0 slo |
| 015 |
|
|
|a SNBRB2004/03-08814
|
| 035 |
|
|
|a CLN000218020
|
| 035 |
|
|
|a urn:nbn:sk:snk-ab1esi
|
| 035 |
|
|
|a (urnnbn)urn:nbn:sk:snk:ar-0032g7
|
| 035 |
|
|
|a (uuid)e94553a8-df05-4148-a90c-996a324f14d8
|
| 040 |
|
|
|a SNKBUCL
|b slo
|c SNKBUCL
|e AACR2
|
| 041 |
0 |
|
|a slo
|
| 044 |
|
|
|a xo
|c SK
|
| 080 |
|
|
|a 336.714:336.767
|2 1997
|
| 080 |
|
|
|a 336.767
|2 1997
|
| 100 |
1 |
|
|a Ďuriančik, Martin
|4 aut
|9 1423413
|
| 245 |
1 |
0 |
|a Hedge fondy
|b dosahovanie výnosu bez ohľadu na aktuálny vývoj na trhu
|c Martin Ďuriančik
|
| 300 |
|
|
|b Grafy, tab.
|
| 650 |
0 |
7 |
|a trh kapitálový
|x fondy hedge
|2 snkbucl
|9 1423414
|
| 650 |
0 |
7 |
|a fondy hedge
|2 snkbucl
|9 1423415
|
| 655 |
|
7 |
|a články z novín a časopisov
|2 snkbucl
|9 267496
|
| 773 |
0 |
|
|t Investor
|g Roč. 5, č. 1 (2004), s. 18-21
|
| 850 |
|
|
|a Slovenská národná knižnica
|
| 852 |
|
|
|a Slovenská národná knižnica
|
| 954 |
|
|
|a odborná, vedecká literatúra pôvodná (slovenská)
|2 lita
|
| 958 |
|
|
|a article2022
|
| 958 |
|
|
|a OND
|
| 958 |
|
|
|a EUIPO
|
| 992 |
|
|
|a RBX
|
| 999 |
|
|
|c 2878521
|d 2880451
|